1866 1398 1745 1141 1836 1586 1334 1094 1836 1177 1279 1658 1270 1015 1313 1648 1046 1001 1719 1167 1377 1408 1284 1008 1295 1701 1150 1255 1357 1788 1391 1849 1480 1229 1994 1754 1150 1080 1665 1556 1275 1534 1616 1847 1059 1642 1068 1888 1341 1748 1514 1704 1664 1100 1874 1288 1913 1575 1611 1500 1055 1119 1633 1674 1123 1308 1924 1302 1797 1915 1057 1821 1024 1499 1818 1305 1141 1998 1432 1749 1093 1193 1068 1603 1898 1536 1721 1926 1752 1381 1423 1442 1112 1339 1110 1100 1144 1220 1789 BCNSPRNW ULIB Ver.6.0+V

เปลี่ยนเป็นภาษาไทย

Change to English
 แสดงรายละเอียดบรรณานุกรม
  กลับหน้าหลัก

Brief Record : Get Marc (ISO 2709) : E-mail record : QR code < ปิดหน้าต่าง
LEADER : 00000nam 2200000uu 4500
001    13399122248
003     ULIB
008    130116s||||||||th 000 0 tha d
020    ^a9786165272865
050  4 ^aPE1128^bก521 ล.2
110 1  ^aกองบรรณาธิการเอ็มไอเอส
245 00 ^aเก่ง Grammar พิชิตข้อสอบ เล่ม 2ฉบับการ์ตูนความรู้^cกองบรรณาธิการเอ็มไอเอส
260    ^aกรุงเทพฯ:เอ็มไอเอส,^c2554
300    ^a216 หน้า:^bภาพการ์ตูนสี
650  0 ^aภาษาอังกฤษ^xไวยากรณ์
650  0 ^aภาษาอังกฤษ^xการใช้ภาษา
945    ^p159^l0^i19741
945    ^p159^l0^i19785
995    ^aกัณชพร
999    ^aใช้งานได้ทุกระบบ
รายการนี้ยังไม่มีแท็ก
คุณยังไม่ได้ล็อกอิน คุณสามารถมีกิจกรรมร่วมกับเว็บไซต์ได้ แต่ต้องล็อกอินก่อน ::
  ล็อกอิน

รายการสื่อสารสนเทศ

ลำดับที่ ประเภท เลขเรียก/บาร์โค้ด สถานที่ สถานะ
1. การศึกษาทั่วไป
การศึกษาทั่วไป
PE1128 ก521 ล.2  
  Barcode: 19741
ห้องสมุดวิทยาเขตสวรรค์ประชารักษ์
►หนังสือทั่วไป
บนชั้น
2. การศึกษาทั่วไป
การศึกษาทั่วไป
PE1128 ก521 ล.2 ฉ.2 
  Barcode: 19785
ห้องสมุดวิทยาเขตสวรรค์ประชารักษ์
►หนังสือทั่วไป
บนชั้น

รายการใกล้เคียง
    หัวเรื่อง [ภาษาอังกฤษ การใช้ภาษา]

BibComment


ยังไม่เคยถูกคอมเมนท์

คอมเมนท์ทรัพยากรรายการนี้
  คอมเมนท์: เก่ง Grammar พิช..


 Copyright 2026. Bcnsprnw @Library